Some proposals humbly offer'd to the Honourable the knights, citizens, and burgesses assembled in Parliament. By Paul Chamberlen doctor of physick.

Bibliographic Details
Main Author: Chamberlen, Paul, Doctor of Physick
Corporate Author: Gale (Firm)
Format: eBook
Language:English
Published: [London] : [publisher not identified], [1706]
Subjects:
Online Access:Connect to the full text of this electronic book

MARC

Tag First Indicator Second Indicator Subfields
LEADER 00000cam a2200000 4500
001 in00003854913
005 20190415183642.0
006 m o d
007 cr |n||||||||n
008 940425s1706 enk|||| o 00| ||eng c
035 |a (CU-RivES)N61324 
035 |a (Uk-ES)006056089 
035 |a (OCoLC)508297496 
040 |a CU-RivES  |c CU-RivES  |d CStRLIN  |d Cengage Gale  |d UtOrBLW 
100 1 |a Chamberlen, Paul,  |c Doctor of Physick. 
245 1 0 |a Some proposals humbly offer'd to the Honourable the knights, citizens, and burgesses assembled in Parliament. By Paul Chamberlen doctor of physick. 
264 1 |a [London] :  |b [publisher not identified],  |c [1706] 
300 |a 1 online resource (1 sheet)  
336 |a text  |b txt  |2 rdacontent 
337 |a computer  |b c  |2 rdamedia 
338 |a online resource  |b cr  |2 rdacarrier 
500 |a Presented 21 January 1706. 
500 |a With a docket title: 'Proposals for paying the debts of the nation'. 
510 4 |a Hanson,  |c 693 
510 4 |a English Short Title Catalog,  |c N61324. 
500 |a Reproduction of original from British Library. 
500 |a Electronic resource. 
650 0 |a Debts, Public  |z England  |v Early works to 1800. 
655 7 |a Electronic books.  |2 local 
710 2 |a Gale (Firm)  |0 http://id.loc.gov/authorities/names/no2008071348 
752 |a Great Britain  |b England  |d London. 
856 4 0 |u http://proxy.library.tamu.edu/login?url=http://find.galegroup.com/ecco/infomark.do?contentSet=ECCOArticles&docType=ECCOArticles&bookId=1551600100&type=getFullCitation&tabID=T001&prodId=ECCO&docLevel=TEXT_GRAPHICS&version=1.0&source=library&userGroupName=txshracd2898  |z Connect to the full text of this electronic book  |t 0 
999 f f |s ee96735b-9fcc-3cbc-a792-9834813cc9ed  |i f7907044-7633-37a3-8f3c-093b113a965e  |t 0 
952 f f |a Texas A&M University  |b College Station  |c Electronic Resources  |d Available Online  |t 0  |h No information provided 
998 f f |t 0  |l Available Online